Cosmologia
Tallennettuna:
| Päätekijä: | |
|---|---|
| Aineistotyyppi: | Kirja |
| Kieli: | espanja |
| Julkaistu: |
Barcelona
Herder
1944
|
| Painos: | 9a. ed |
| Sarja: | Summa Philosophiae Christianae, 4
|
| Aiheet: | |
| Tagit: |
Lisää tagi
Ei tageja, Lisää ensimmäinen tagi!
|
MARC
| LEADER | 00000cam a2200000 a 4500 | ||
|---|---|---|---|
| 001 | UCE9892 | ||
| 003 | CL-VaPUC | ||
| 008 | 151106e19440000sp |||||||||||||||||spa|d | ||
| 082 | 0 | 4 | |a 113 |b DON |2 21 |
| 100 | 0 | |a Donat, J |e author |9 582862 | |
| 245 | 1 | 0 | |a Cosmologia |
| 250 | |a 9a. ed | ||
| 300 | |a 413 p | ||
| 942 | |c BK | ||
| 945 | |d 20151106 14:16:00 |a gsalatino | ||
| 260 | |a Barcelona |b Herder |c 1944 | ||
| 650 | 0 | |a Filosofía de la naturaleza |9 265899 | |
| 650 | 0 | |a Espacio |9 336785 | |
| 650 | 7 | |a SER |2 CL-VaPUC |9 320176 | |
| 583 | |a last modification |c 20151106 14:16:00 |k Rodrigo Vera | ||
| 490 | 0 | |a Summa Philosophiae Christianae, 4 | |
| 999 | |c 361535 |d 361533 | ||
| 952 | |0 0 |1 0 |3 erd |4 0 |6 113_000000000000000_DON_1944 |7 0 |8 P |9 472118 |a BIBTEO |b BIBTES |c TEO_FTES |i 5209161 |o 113 DON 1944 |p 5209161 |r 2024-01-18 |w 2019-11-24 |y BK |z Catalogado en:20151106 |k ICR | ||